000 00870naa a22002537u 4500
001 16553
003 HDC
007 cr bn ---aaaaa
008 210221t200710 xx a 000 0 eng
040 _aHDC
110 _aBursa Malaysia
245 0 _aBest Practices in Islamic Stockbroking Services Undertaken by Participating Organizations /
_cby Bursa Malaysia
260 _a[No place] :
_b[publisher not identified],
_c2007
336 _atext
_2rdacontent
337 _acomputer
_2rdamedia
338 _aonline resource
_2rdacarrier
650 _aBanks and banking
_92598
650 _aIslamic law
_957
710 _aMIF Monthly
856 _zRequest full-text at [email protected]
942 _2lcc
942 _cEIS
942 _kEMAG 000526
999 _c13869
_d13869